[Event "Brandenburg-ch Seniors 17th"]
[Site "Rowy"]
[Date "2008.06.25"]
[Round "4"]
[White "David, Heinz Dieter"]
[Black "Wilke, Hans Joachim"]
[Result "1-0"]
[WhiteElo "1415"]
[BlackElo "1363"]
[PlyCount "39"]
[EventDate "2008.06.23"]
[EventType "swiss"]
[EventRounds "9"]
[EventCountry "POL"]
[SourceTitle "EXT 2022"]
[Source "ChessBase"]
[SourceDate "2021.10.06"]
[SourceVersion "1"]
[SourceVersionDate "2021.10.06"]
[SourceQuality "1"]

1. e4 c5 2. Nf3 Nc6 3. Nc3 a6 4. Bc4 e6 5. d4 b5 6. Be2 d5 7. Ne5 Nxd4 8. Bg4 Bd6 9. Nf3 Nxf3+ 10. Bxf3 Bb7 11. exd5 b4 12. dxe6 Qe7 13. Bxb7 Qxb7 14. exf7+ Qxf7 15. Qxd6 bxc3 16. 0-0 Rd8 17. Qc6+ Rd7 18. Bg5 Ne7 19. Bxe7 Kxe7 20. Rae1+ 1-0

[Event "Brandenburg-ch Seniors 17th"]
[Site "Rowy"]
[Date "2008.06.25"]
[Round "3"]
[White "Wilke, Hans Joachim"]
[Black "Ewald, Horst"]
[Result "0-1"]
[WhiteElo "1363"]
[BlackElo "1546"]
[PlyCount "84"]
[EventDate "2008.06.23"]
[EventType "swiss"]
[EventRounds "9"]
[EventCountry "POL"]
[SourceTitle "EXT 2022"]
[Source "ChessBase"]
[SourceDate "2021.10.06"]
[SourceVersion "1"]
[SourceVersionDate "2021.10.06"]
[SourceQuality "1"]

1. Nf3 d5 2. g3 Nc6 3. d4 Nf6 4. Bg2 e6 5. 0-0 Be7 6. Bf4 Bd7 7. Nc3 a6 8. Ne5 Nxe5 9. Bxe5 Bc6 10. Bxf6 Bxf6 11. e4 dxe4 12. Nxe4 Bxd4 13. c3 f5 14. Qe2 fxe4 15. cxd4 Qxd4 16. Rad1 Qe5 17. f4 Qf5 18. Rd4 Qc5 19. Rfd1 Rd8 20. Qe3 0-0 21. Bxe4 Bxe4 22. Qxe4 Qb6 23. Kg2 Rxd4 24. Rxd4 Qxb2+ 25. Kh3 Qxa2 26. Qxb7 c5 27. Rd7 Qa1 28. Qb6 Qf1+ 29. Kh4 Qc4 30. Qb7 Qc3 31. Qxa6 Qf6+ 32. Kg4 Qf5+ 33. Kf3 e5 34. Qc4+ Kh8 35. Qd5 Qh5+ 36. Kg2 Qe2+ 37. Kh3 exf4 38. Qxc5 Qf1+ 39. Kh4 fxg3 40. Kxg3 Qf4+ 41. Kg2 Qf3+ 42. Kg1 Qf1# 0-1

[Event "Brandenburg Seniors op 16th"]
[Site "Rowy"]
[Date "2007.06.24"]
[Round "6"]
[White "Wilke, Hans Joachim"]
[Black "Spychalska, Bozena"]
[Result "1/2-1/2"]
[WhiteElo "1343"]
[BlackElo "1600"]
[PlyCount "44"]
[EventDate "2007.06.18"]
[EventType "swiss"]
[EventRounds "9"]
[EventCountry "POL"]
[SourceTitle "EXT 2011"]
[Source "ChessBase"]
[SourceDate "2010.11.26"]
[SourceVersion "1"]
[SourceVersionDate "2010.11.26"]
[SourceQuality "1"]

1. Nf3 d6 2. d4 c6 3. g3 e6 4. Bg2 Be7 5. 0-0 Nf6 6. Nc3 b6 7. Re1 Bb7 8. e4 0-0 9. e5 Nd5 10. Nxd5 cxd5 11. Nd2 Qc7 12. b3 Nd7 13. Bb2 Rac8 14. Rc1 dxe5 15. dxe5 Rfe8 16. c4 Qb8 17. cxd5 Rxc1 18. Qxc1 exd5 19. Nf3 Nc5 20. Qc3 Bf8 21. Nd4 Ne6 22. Nxe6 fxe6 1/2-1/2

[Event "Brandenburg Seniors op 16th"]
[Site "Rowy"]
[Date "2007.06.20"]
[Round "3"]
[White "Wilke, Hans Joachim"]
[Black "Ollek, Karl Heinz"]
[Result "0-1"]
[WhiteElo "1343"]
[BlackElo "1866"]
[PlyCount "56"]
[EventDate "2007.06.18"]
[EventType "swiss"]
[EventRounds "9"]
[EventCountry "POL"]
[SourceTitle "EXT 2011"]
[Source "ChessBase"]
[SourceDate "2010.11.26"]
[SourceVersion "1"]
[SourceVersionDate "2010.11.26"]
[SourceQuality "1"]

1. d4 f5 2. Nf3 Nf6 3. g3 e6 4. Bg2 Be7 5. 0-0 d5 6. Bf4 0-0 7. Nbd2 c6 8. c4 Qe8 9. c5 h6 10. b4 Ne4 11. Be5 Nd7 12. a4 g5 13. Nxe4 fxe4 14. Nd2 Nxe5 15. dxe5 g4 16. f4 b6 17. Qc2 bxc5 18. bxc5 Ba6 19. Rf2 e3 20. Rff1 exd2 21. Qxd2 Bxc5+ 22. Kh1 Be7 23. Qc2 Kg7 24. f5 exf5 25. Rxf5 Rxf5 26. Qxf5 Bc8 27. e6 Qg6 28. Qe5+ Qf6 0-1

[Event "Brandenburg Seniors op 15th"]
[Site "Rowy"]
[Date "2006.06.24"]
[Round "5"]
[White "Wilke, Hans Joachim"]
[Black "Breitling, Winfried"]
[Result "1/2-1/2"]
[WhiteElo "1375"]
[BlackElo "1566"]
[PlyCount "103"]
[EventDate "2006.06.19"]
[EventType "swiss"]
[EventRounds "9"]
[EventCountry "POL"]
[SourceTitle "EXT 2007"]
[Source "ChessBase"]
[SourceDate "2006.11.23"]
[SourceVersion "1"]
[SourceVersionDate "2006.11.23"]
[SourceQuality "1"]

1. Nf3 d5 2. g3 Nf6 3. Bg2 Bf5 4. d4 c6 5. Bf4 Na6 6. a3 Ne4 7. Nbd2 Qa5 8. b4 Qd8 9. 0-0 Nc7 10. c4 a5 11. cxd5 Nxd5 12. Nxe4 Bxe4 13. Bd2 axb4 14. axb4 e6 15. Ne5 Bxg2 16. Kxg2 Bxb4 17. Bxb4 Nxb4 18. Rb1 Qd5+ 19. Nf3 Qc4 20. e3 0-0 21. Nd2 Qd5+ 22. Kg1 Rfb8 23. Rxb4 Ra2 24. e4 Qa5 25. Qb1 Rxd2 26. Rxb7 Rd8 27. Rc1 R2xd4 28. Kg2 c5 29. Rb5 Qa8 30. Rbxc5 Qxe4+ 31. Qxe4 Rxe4 32. Rc8 Red4 33. R1c3 f6 34. R8c7 e5 35. Re7 R4d7 36. Re6 Kf7 37. Rec6 h5 38. Re3 Kg6 39. Rxe5 Rd5 40. Rxd5 Rxd5 41. h4 Kf5 42. Rc4 g5 43. hxg5 fxg5 44. Rb4 g4 45. Rf4+ Kg5 46. Rf8 Kg6 47. Rf4 Rf5 48. Rxf5 Kxf5 49. f3 Ke5 50. fxg4 hxg4 51. Kf2 Ke6 52. Ke2 1/2-1/2

[Event "Brandenburg Seniors op 15th"]
[Site "Rowy"]
[Date "2006.06.19"]
[Round "1"]
[White "Wilke, Hans Joachim"]
[Black "Keusch, Horst"]
[Result "0-1"]
[WhiteElo "1375"]
[BlackElo "1920"]
[PlyCount "76"]
[EventDate "2006.06.19"]
[EventType "swiss"]
[EventRounds "9"]
[EventCountry "POL"]
[SourceTitle "EXT 2007"]
[Source "ChessBase"]
[SourceDate "2006.11.23"]
[SourceVersion "1"]
[SourceVersionDate "2006.11.23"]
[SourceQuality "1"]

1. Nf3 g6 2. g3 Bg7 3. Bg2 c5 4. d4 cxd4 5. Nxd4 Nf6 6. 0-0 0-0 7. Nf3 Nc6 8. Nc3 d5 9. Bf4 Re8 10. Ne5 Nh5 11. Nxc6 bxc6 12. e4 Nxf4 13. gxf4 Rb8 14. Rb1 e6 15. e5 Bh6 16. Ne2 Ba6 17. Re1 Qh4 18. Nd4 Bxf4 19. Nf3 Qe7 20. Qd4 Rb4 21. Qc3 c5 22. b3 d4 23. Qb2 Bb7 24. a3 Rb6 25. Rbd1 Bxf3 26. Bxf3 Qh4 27. Rd3 Qxh2+ 28. Kf1 Bxe5 29. Bg2 Bg7 30. Rh3 Qd6 31. Qc1 f5 32. Qd2 Re7 33. Qd3 h6 34. a4 Kh7 35. Qd2 e5 36. Rd1 e4 37. c3 d3 38. c4 Rxb3 0-1